Trouvez les Pays Inventés - Mort Subite - Statistiques

Statistiques générales
  • Ce quiz a été pris 5 639 fois
  • Le résultat moyen est 22 sur 35
Answers on the Grid
Answers color-coded by a green-red scale on the quiz's grid according to % correct below.
Balouchistan
Boukistan
Palaos
Corée
Afrique du Nord
Bouganda
Malabo
Dubaï
Kamtchatka
Managuas
Japonie
Madagascar
Bosnie-Herzégovine
Oroguay
Malawi
Chill
Eswatini
Toubouti
Bhopal
Daghestan
Guyana
Timor Occidental
Boulgour
Île de Pâques
Indochine
Birmanie
Tanzanie
Ouganda
Songka
Tonga
Banon
Gamibie
Nicaragua
Jean-Paul Sartre
Toussaint
Laponie
Malte
Himalaya
Alanie
Sibérie
Grand Canyon
Grande-Bretagne
Kenya
Comté de Belgrade (Sud)
Asie
Azerbaïstan
Togo
Gouda
Soudan du Sud
Ouïghourie
 
Statistiques - réponses
Réponse % Correct
Balouchistan
92%
Japonie
83%
Boukistan
79%
Bouganda
77%
Oroguay
75%
Kamtchatka
73%
Malabo
72%
Boulgour
70%
Banon
69%
Bhopal
69%
Jean-Paul Sartre
68%
Managuas
68%
Grand Canyon
67%
Toubouti
67%
Toussaint
65%
Afrique du Nord
64%
Gouda
64%
Chill
63%
Daghestan
63%
Songka
63%
Alanie
62%
Gamibie
60%
Himalaya
60%
Ouïghourie
60%
Azerbaïstan
59%
Indochine
57%
Comté de Belgrade (Sud)
56%
Asie
55%
Île de Pâques
55%
Laponie
55%
Dubaï
52%
Sibérie
50%
Corée
45%
Timor Occidental
44%
Grande-Bretagne
33%
Aucun quiz correspondant
Distribution des résultats
% des personnes avec chaque résultat
Percentile par nombre de réponses
Votre historique - résultats
Vous n’avez pas pris ce quiz